000 00387 a2200157 4500
001 157413
020 _a978-85-513-0726-7
040 _cEscola São Tomás de Aquino
100 _aJUNQUEIRA, Sonia
240 1 0 _aInventadeira de besteira, eu?!
_l
245 1 0 _aInventadeira de besteira, eu?!
300 _a31
362 0 _a2020
697 _a*LITERATURA INFANTO JUVENIL
942 _cBK
999 _c157413
_d157413